[Event "Agarr's Free for All 6"]
[Site "SchemingMind.com"]
[Date "2012.09.13"]
[Round "-"]
[White "Holty"]
[Black "e_castle3"]
[Result "0-1"]
[WhiteCountry "ENG"]
[BlackCountry "PHI"]
[WhiteElo "1682"]
[WhiteRD "55"]
[BlackElo "1840"]
[BlackRD "60"]
[GameID "317529"]

1. d4 d5 2. c4 e6 3. Nc3 Nf6 4. Nf3 dxc4 5. Qa4+ Nbd7 6. e4 c6 7. Qxc4 Nb6 8. Qb3 Be7 9. Bd3 h6 10. O-O O-O
11. Be3 Kh8 12. Rfd1 Qc7 13. h3 Rd8 14. Rac1 Bf8 15. e5 Nfd5 16. Nxd5 Nxd5 17. Bd2 Bd7 18. a3 Qb6 19. Bc2 c5 20. Qxb6 axb6
21. Bd3 Ba4 22. Bc2 c4 23. g3 b5 24. Bxa4 Rxa4 25. Ra1 Rda8 26. Be1 b4 27. Nd2 c3 28. bxc3 bxc3 29. Ne4 c2 30. Rdc1 Rxd4
31. Nc3 Rxa3 32. Rxa3 Bxa3 33. Rxc2 Nxc3 34. Rxc3 Bb4 35. Rc8+ Kh7 36. Bxb4 Rxb4 37. Rc7 Kg6 38. f4 b5 39. Kf2 Rb3 40. Rb7 b4
41. Rb6 Rb1 42. g4 Rb3 43. h4 Kh7 44. h5 Rb2+ 45. Kf3 b3 46. Rb7 Rb1 47. Rxf7 b2 48. Rb7 Rf1+ 49. Ke4 b1=Q+ 50. Rxb1 Rxb1
51. f5 Rb4+ 52. Kf3 exf5 53. gxf5 Kg8 54. Ke3 Kf7
0-1

[Event "Agarr's Free for All 6"]
[Site "SchemingMind.com"]
[Date "2012.09.10"]
[Round "-"]
[White "Holty"]
[Black "agarr"]
[Result "0-1"]
[WhiteCountry "ENG"]
[BlackCountry "RUS"]
[WhiteElo "1732"]
[WhiteRD "58"]
[BlackElo "1746"]
[BlackRD "70"]
[GameID "317530"]

1. d4 d5 2. c4 e6 3. Nc3 b6 4. Nf3 Bb7 5. e3 dxc4 6. Bxc4 Nf6 7. Bd3 Be7 8. O-O O-O 9. a3 Nbd7 10. b4 h6
11. Qe2 Nh7 12. Bb2 Ng5 13. Nxg5 Bxg5 14. Ba6 Bxa6 15. Qxa6 Bf6 16. Rac1 c5 17. Ne2 cxb4 18. axb4 Be7 19. b5 Nf6 20. Nc3 Nd5
21. Qa4 Nb4 22. Rfd1 Qd7 23. Ba3 a5 24. Qb3 Rac8 25. Bxb4 Bxb4 26. d5 Rxc3 27. Rxc3 Bxc3 28. Qxc3 Qxb5 29. d6 Rd8 30. Qc7 Rd7
31. Qc2 Qc5 32. Qxc5 bxc5 33. Kf1 e5 34. Rc1 Rxd6 35. Rxc5 Rd1+ 36. Ke2 Ra1 37. Rxe5 a4 38. Kd2 a3 39. Kc2 a2 40. Kb2 Rf1
41. Ra5 Rxf2+ 42. Ka1 Rxg2 43. Rxa2 Rg1+ 44. Kb2 Re1 45. Ra8+ Kh7 46. Re8 Re2+ 47. Kc3 Rxh2 48. Re7 Rh3 49. Kd4 Kg6 50. e4 Rh1
51. e5 h5 52. Rc7 h4 53. Rc3 h3 54. Rg3+ Kh6 55. Rf3 h2 56. Rg3 Rd1+
0-1

[Event "Agarr's Free for All 6"]
[Site "SchemingMind.com"]
[Date "2012.09.14"]
[Round "-"]
[White "Holty"]
[Black "fourluxflakes"]
[Result "0-1"]
[WhiteCountry "ENG"]
[BlackCountry "ENG"]
[WhiteElo "1732"]
[WhiteRD "58"]
[BlackElo "1929"]
[BlackRD "110"]
[GameID "317531"]

1. d4 c5 2. d5 f5 3. c4 Nf6 4. Nf3 d6 5. Nc3 e5 6. Nd2 Be7 7. f3 O-O 8. e3 Nbd7 9. Bd3 e4 10. fxe4 fxe4
11. Ndxe4 Nxe4 12. Bxe4 Ne5 13. b3 Bh4+ 14. g3 Qf6 15. Bxh7+ Kxh7 16. Qh5+ Kg8 17. gxh4 Qf2+ 18. Kd1 Bg4+ 19. Qxg4 Nxg4 20. Re1 Rae8
21. Rb1 Nxe3+ 22. Bxe3 Rxe3 23. Ne2 Rfe8 24. Rb2 Rd3+ 25. Rd2 Qe3
0-1

[Event "Agarr's Free for All 6"]
[Site "SchemingMind.com"]
[Date "2012.09.10"]
[Round "-"]
[White "Holty"]
[Black "kpeyn"]
[Result "0-1"]
[WhiteCountry "ENG"]
[BlackCountry "ENG"]
[WhiteElo "1708"]
[WhiteRD "55"]
[BlackElo "1977"]
[BlackRD "92"]
[GameID "317532"]

1. d4 Nf6 2. Nf3 d5 3. Bg5 e6 4. Nbd2 Be7 5. h3 O-O 6. e3 c5 7. c3 Nc6 8. b3 b6 9. Bd3 Bb7 10. O-O h6
11. Bf4 Re8 12. Qc2 Bd6 13. Bxd6 Qxd6 14. Rfe1 e5 15. dxe5 Nxe5 16. Nxe5 Qxe5 17. Nf3 Qd6 18. Rad1 Kh8 19. a3 a6 20. e4 dxe4
21. Bxe4 Qc7 22. Bxb7 Qxb7 23. Nd2 Rad8 24. Nc4 Rxe1+ 25. Rxe1 b5 26. Ne5 Kg8 27. Rb1 Re8 28. Nd3 Qc6 29. c4 Nd7 30. cxb5 axb5
31. a4 bxa4 32. bxa4 Ra8 33. Kh2 Qxa4 34. Qxa4 Rxa4 35. Rb5 Rc4 36. Rb7 Rd4 37. Nb2 Rb4 38. Rxd7 Rxb2 39. Rd8+ Kh7 40. Kg1 Rb1+
41. Kh2 c4 42. Rc8 Rc1 43. g3 c3 44. f4 c2 45. g4 g5 46. f5 Kg7 47. Rc6 Kf8 48. Kg2 Ke7 49. Kf2 Rh1
0-1

[Event "Agarr's Free for All 6"]
[Site "SchemingMind.com"]
[Date "2012.09.10"]
[Round "-"]
[White "Holty"]
[Black "esteves101"]
[Result "0-1"]
[WhiteCountry "ENG"]
[BlackCountry "PHI"]
[WhiteElo "1742"]
[WhiteRD "59"]
[BlackElo "1939"]
[BlackRD "97"]
[GameID "317533"]

1. d4 d5 2. Nf3 e6 3. c4 dxc4 4. e3 b5 5. a4 c6 6. axb5 cxb5 7. b3 Bb7 8. bxc4 b4 9. Bd3 Nf6 10. Nbd2 a5
11. O-O Be7 12. Re1 O-O 13. Qc2 Qb6 14. c5 Qc7 15. Bb2 Bc6 16. Ne5 a4 17. Qd1 a3 18. Bc1 Ba4 19. Bc2 Bxc2 20. Qxc2 Nc6
21. Nxc6 Qxc6 22. Nc4 Rfb8 23. Qb3 Qa4 24. Qd3 Qc6 25. Bd2 Qb5 26. Reb1 b3 27. f3 Ra4 28. Rxb3 Qxb3 29. Qxb3 Rxb3 30. Nb6 a2
0-1

[Event "Agarr's Free for All 6"]
[Site "SchemingMind.com"]
[Date "2012.09.12"]
[Round "-"]
[White "Holty"]
[Black "emvarela"]
[Result "1-0"]
[WhiteCountry "ENG"]
[BlackCountry "ARG"]
[WhiteElo "1708"]
[WhiteRD "55"]
[BlackElo "1731"]
[BlackRD "50"]
[GameID "317534"]

1. d4 Nf6 2. Nf3 d5 3. c3 e6 4. Bg5 c5 5. Nbd2 cxd4 6. cxd4 Be7 7. Qc2 Nc6 8. Bf4 Bd7 9. Rc1 O-O 10. h3 Rc8
11. Qb1 Bb4 12. a3 Bxd2+ 13. Bxd2 Ne4 14. e3 Nxd2 15. Nxd2 e5 16. dxe5 Nxe5 17. Be2 Rxc1+ 18. Qxc1 Qb6 19. O-O Rc8 20. Qb1 Bb5
21. Qf5 Bxe2 22. Qxc8+
1-0

[Event "Agarr's Free for All 6"]
[Site "SchemingMind.com"]
[Date "2012.09.13"]
[Round "-"]
[White "e_castle3"]
[Black "Holty"]
[Result "1-0"]
[WhiteCountry "PHI"]
[BlackCountry "ENG"]
[WhiteElo "1840"]
[WhiteRD "60"]
[BlackElo "1682"]
[BlackRD "55"]
[GameID "317535"]

1. e4 c5 2. Nf3 g6 3. g3 d6 4. Bg2 Nf6 5. d3 Bg7 6. O-O O-O 7. c3 Nc6 8. Bg5 a6 9. Qd2 b5 10. Bh6 e5
11. Bxg7 Kxg7 12. Qc2 Bb7 13. Nbd2 Rb8 14. Rad1 Re8 15. b3 Bc8 16. h3 Be6 17. Ng5 Bd7 18. Rfe1 a5 19. Nf1 h6 20. Nf3 Qc8
21. Kh2 Be6 22. Qb2 Rh8 23. d4 cxd4 24. cxd4 Bd7 25. dxe5 dxe5 26. Nxe5 Nxe5 27. Qxe5 Re8 28. Qb2 Re6 29. e5 Nh7 30. Bd5 Re8
31. e6+ Nf6 32. exd7 Qxd7 33. Ne3 Qc7 34. Ng4 Qb6 35. Ne5 Re7 36. Nc4 Qa7 37. Rxe7 Qxe7 38. Nxa5 Rc8 39. Nc6 Qd7 40. Bf3 Qe6
41. Nd4 Qb6 42. Qe2 Rd8 43. Qxb5 Qa7 44. Qa4 Qb6 45. Qc4 h5 46. a4 Qa7 47. Kg2 Qb6 48. b4 g5 49. a5
1-0

[Event "Agarr's Free for All 6"]
[Site "SchemingMind.com"]
[Date "2012.09.10"]
[Round "-"]
[White "agarr"]
[Black "Holty"]
[Result "1-0"]
[WhiteCountry "RUS"]
[BlackCountry "ENG"]
[WhiteElo "1790"]
[WhiteRD "75"]
[BlackElo "1742"]
[BlackRD "59"]
[GameID "317536"]

1. e4 e5 2. Nf3 Nf6 3. Bc4 Nxe4 4. d3 Nc5 5. Nxe5 d5 6. Qf3 Be6 7. Bb3 Nxb3 8. axb3 Qc8 9. Nc3 c6 10. O-O f6
11. Qh5+ g6 12. Nxg6 Bf7 13. Qe2+ Kd8 14. Nxh8 Be6 15. Re1 Ke7 16. Qh5 Kd8 17. Qxh7 Be7 18. Ng6 Qd7 19. Nxe7 Qxe7 20. Qxe7+ Kxe7
21. Na4 Nd7 22. d4 Rg8 23. Nc5 Nxc5 24. dxc5 Kf7 25. Rxa7 Rb8 26. Bf4
1-0

[Event "Agarr's Free for All 6"]
[Site "SchemingMind.com"]
[Date "2012.09.14"]
[Round "-"]
[White "fourluxflakes"]
[Black "Holty"]
[Result "1-0"]
[WhiteCountry "ENG"]
[BlackCountry "ENG"]
[WhiteElo "1929"]
[WhiteRD "110"]
[BlackElo "1732"]
[BlackRD "58"]
[GameID "317537"]

1. Nc3 d5 2. e4 d4 3. Nce2 e5 4. Nf3 Nc6 5. Ng3 g6 6. Bc4 Be6 7. Bb5 Bd7 8. d3 f6 9. O-O Bh6 10. a3 Nb8
11. Bc4 Bxc1 12. Qxc1 Nc6 13. h3 Na5 14. Ba2 b5 15. c3 c5 16. cxd4 cxd4 17. Qd1 Rc8 18. Rc1 Ne7 19. Rxc8 Qxc8 20. Qd2 Nac6
21. Qh6 Rf8 22. Qxh7 Qa6 23. Nh4 Kd8 24. Nxg6 Nxg6 25. Qxg6 Ne7 26. Qg7 Ke8 27. f4 Be6 28. Bxe6 Qxe6 29. Nf5 Nxf5 30. exf5 Qf7
31. Qg4 Rg8 32. Qf3 Qd7 33. fxe5 fxe5 34. Qh5+ Qf7 35. Qxf7+ Kxf7 36. g4 Rc8 37. g5 Rh8 38. Kg2 Rc8 39. h4 a5 40. h5
1-0

[Event "Agarr's Free for All 6"]
[Site "SchemingMind.com"]
[Date "2012.09.10"]
[Round "-"]
[White "kpeyn"]
[Black "Holty"]
[Result "0-1"]
[WhiteCountry "ENG"]
[BlackCountry "ENG"]
[WhiteElo "1977"]
[WhiteRD "92"]
[BlackElo "1708"]
[BlackRD "55"]
[GameID "317538"]

1. e4 c5 2. Nf3 g6 3. d4 cxd4 4. Qxd4 f6 5. c4 Nc6 6. Qd1 e5 7. Nc3 Bb4 8. Qd3 d6 9. Bd2 Bg4 10. h3 Bxf3
11. gxf3 Nge7 12. Nd5 Bxd2+ 13. Qxd2 Nd4 14. Be2 Nxd5 15. exd5 Rc8 16. O-O Qd7 17. Kh2 Rxc4 18. Qd3 Rc2 19. Rfe1 Rxb2 20. Qxd4 exd4
21. Bb5+ Kd8 22. Bxd7 Kxd7 23. Kg3 Rc8 24. Re6 d3 25. Rd1 d2 26. Re2 Rcc2 27. a4 a5 28. f4 f5 29. Kf3 Rb3+ 30. Kg2 Rbb2
31. Kf3 Rb3+ 32. Re3 Rbb2 33. Rd3 Rb4
0-1

[Event "Agarr's Free for All 6"]
[Site "SchemingMind.com"]
[Date "2012.09.10"]
[Round "-"]
[White "esteves101"]
[Black "Holty"]
[Result "1-0"]
[WhiteCountry "PHI"]
[BlackCountry "ENG"]
[WhiteElo "1939"]
[WhiteRD "97"]
[BlackElo "1742"]
[BlackRD "59"]
[GameID "317539"]

1. e4 e5 2. Nf3 Nf6 3. Bc4 Nxe4 4. d3 Nd6 5. Bb3 f6 6. O-O b6 7. Nxe5 fxe5 8. Qh5+ g6 9. Qxe5+ Qe7 10. Qxh8 Qg7
11. Re1+ Kd8 12. Bg5+
1-0

[Event "Agarr's Free for All 6"]
[Site "SchemingMind.com"]
[Date "2012.09.12"]
[Round "-"]
[White "emvarela"]
[Black "Holty"]
[Result "1-0"]
[WhiteCountry "ARG"]
[BlackCountry "ENG"]
[WhiteElo "1731"]
[WhiteRD "50"]
[BlackElo "1708"]
[BlackRD "55"]
[GameID "317540"]

1. e4 c5 2. Nf3 g6 3. d4 cxd4 4. Nxd4 d6 5. Nc3 Nf6 6. Be3 Bg7 7. f3 O-O 8. Qd2 Nc6 9. O-O-O d5 10. exd5 Nxd5
11. Nxc6 bxc6 12. Nxd5 cxd5 13. Qxd5 Be6 14. Qxd8 Rfxd8 15. Rxd8+ Rxd8 16. b3 a5 17. Be2 Bc3 18. Rd1 Ra8 19. Bd4 Bb4 20. Bb2 f6
21. a3 Bc5 22. Bd3 Rc8 23. Kd2 Rd8 24. Ke2 Bd6 25. c3 Bxb3 26. Rh1 a4 27. g4 Bf4 28. Bc1 Bxc1 29. Rxc1 Bd5 30. c4 Bc6
31. Ke3 Bxf3 32. Bxg6 hxg6 33. Kxf3 Rd3+ 34. Kf4 Rxa3 35. c5 Kf8 36. c6 Ke8 37. c7
1-0

[Event "Agarr's Free for All 6"]
[Site "SchemingMind.com"]
[Date "2012.09.13"]
[Round "-"]
[White "Archon"]
[Black "e_castle3"]
[Result "1-0"]
[WhiteCountry "CAN"]
[BlackCountry "PHI"]
[WhiteElo "1595"]
[WhiteRD "56"]
[BlackElo "1824"]
[BlackRD "65"]
[GameID "317605"]

1. Nf3 d5 2. g3 g6 3. Bg2 Bg7 4. O-O Nf6 5. d4 O-O 6. c4 e6 7. Nc3 a6 8. b3 c5 9. e3 Qa5 10. Bb2 Rd8
11. Qc2 Nc6 12. Rfd1 Nb4 13. Qd2 dxc4 14. bxc4 cxd4 15. exd4 Rb8 16. a3 Nc6 17. Qc2 Ne7 18. Ne5 Nd7 19. Nxd7 Bxd7 20. Rac1 Bc6
21. Bxc6 Nxc6 22. Ne2 Qb6 23. c5 Qc7 24. Nf4 h5 25. d5 exd5 26. Nxd5 Qa5 27. Nf6+ Kf8 28. Nd7+ Rxd7 29. Rxd7 Bh6 30. Rcd1 Qb5
31. Qc3
1-0

[Event "Agarr's Free for All 6"]
[Site "SchemingMind.com"]
[Date "2012.09.12"]
[Round "-"]
[White "Archon"]
[Black "agarr"]
[Result "0-1"]
[WhiteCountry "CAN"]
[BlackCountry "RUS"]
[WhiteElo "1641"]
[WhiteRD "56"]
[BlackElo "1746"]
[BlackRD "70"]
[GameID "317606"]

1. Nf3 Nc6 2. d4 d5 3. c4 e6 4. Nc3 Bb4 5. e3 dxc4 6. Bxc4 Nf6 7. a3 Bxc3+ 8. bxc3 b6 9. O-O Bb7 10. a4 O-O
11. Ba3 Re8 12. Qe2 Nd5 13. Rfc1 h6 14. Bb5 a6 15. Bd3 e5 16. Nd2 exd4 17. cxd4 Nxd4 18. Qg4 Ne6 19. Bb2 Nxe3 20. fxe3 Qxd3
21. Nf3 Qxe3+ 22. Kh1 Qe4 23. Qg3 Qf4 24. Qxf4 Nxf4 25. Rxc7 Bxf3 26. gxf3 Re2 27. Bc3 Nd5 28. Rc1 Nxc7
0-1

[Event "Agarr's Free for All 6"]
[Site "SchemingMind.com"]
[Date "2012.09.16"]
[Round "-"]
[White "Archon"]
[Black "fourluxflakes"]
[Result "0-1"]
[WhiteCountry "CAN"]
[BlackCountry "ENG"]
[WhiteElo "1595"]
[WhiteRD "56"]
[BlackElo "1913"]
[BlackRD "108"]
[GameID "317607"]

1. Nf3 Nf6 2. g3 g6 3. Bg2 Bg7 4. O-O O-O 5. d3 d6 6. Nc3 c6 7. e4 e5 8. Bg5 Qe8 9. Qd2 Nbd7 10. Ne2 a5
11. h3 Nc5 12. g4 Rb8 13. Ng3 Ne6 14. Bh6 a4 15. Bxg7 Kxg7 16. Ng5 Nxg5 17. Qxg5 h6 18. Qe3 g5 19. Nf5+ Bxf5 20. exf5 Qd7
21. c4 Rfe8 22. Rae1 d5 23. cxd5 Nxd5 24. Bxd5 Qxd5 25. Rd1 Qxa2 26. Rd2 Qd5 27. Re1 b5 28. Rc1 Rbc8 29. Rc5 Qd4 30. Qxd4 exd4
31. Rc1 c5 32. Kf1 Re7 33. Rdc2 Rec7 34. Ke2 Kf6 35. Kf3 b4 36. Rc4 Ke5 37. Ra1 Ra8 38. Ra2 Kd5 39. Ra1 a3 40. bxa3 bxa3
41. Ra2 Rb7 42. Rcc2 Rb1 43. Rd2 Rb3 44. Kg2 Rc3 45. f4 Re8 46. fxg5 hxg5 47. h4 gxh4 48. g5 Re5 49. g6 fxg6 50. fxg6 Rg5+
51. Kh3 Rxg6 52. Kxh4 Re6
0-1

[Event "Agarr's Free for All 6"]
[Site "SchemingMind.com"]
[Date "2012.09.11"]
[Round "-"]
[White "Archon"]
[Black "kpeyn"]
[Result "0-1"]
[WhiteCountry "CAN"]
[BlackCountry "ENG"]
[WhiteElo "1595"]
[WhiteRD "56"]
[BlackElo "1977"]
[BlackRD "92"]
[GameID "317608"]

1. Nf3 Nf6 2. g3 g6 3. Bg2 Bg7 4. O-O O-O 5. d4 d6 6. c4 Nbd7 7. Nc3 e5 8. e3 c6 9. b3 Re8 10. Bb2 e4
11. Nd2 d5 12. cxd5 cxd5 13. Rc1 a6 14. Bh3 Nf8 15. Bxc8 Rxc8 16. Ba3 Qa5 17. Bxf8 Bxf8 18. Na4 Bb4 19. Nb1 Qd8 20. Nac3 Qd7
21. Ne2 Bd6 22. Nbc3 Ba3 23. Rc2 Bb4 24. Qc1 Qf5 25. Nf4 Bxc3 26. Rxc3 Rxc3 27. Qxc3 g5 28. Ne2 Qf3 29. Qd2 h5 30. Nc3 Rc8
31. Nb1 h4 32. Qd1 h3 33. Qxf3 exf3 34. Na3 g4 35. Rd1 Ne4 36. Kf1 b5 37. Ke1 f6 38. Nb1 b4 39. Nd2 Nd6 40. Ra1 Nb5
41. e4 dxe4 42. Nxe4 f5 43. Nc5 Nxd4 44. Rc1 Ne2 45. Rc4 f4 46. Nxa6 Rxc4 47. bxc4 Nxg3 48. c5 Nf5 49. c6 g3
0-1

[Event "Agarr's Free for All 6"]
[Site "SchemingMind.com"]
[Date "2012.09.11"]
[Round "-"]
[White "Archon"]
[Black "esteves101"]
[Result "0-1"]
[WhiteCountry "CAN"]
[BlackCountry "PHI"]
[WhiteElo "1641"]
[WhiteRD "56"]
[BlackElo "2016"]
[BlackRD "86"]
[GameID "317609"]

1. Nf3 Nf6 2. g3 e6 3. Bg2 Be7 4. O-O O-O 5. d4 d6 6. c4 Bd7 7. Nc3 Nc6 8. e4 e5 9. d5 Nb8 10. h3 b6
11. Be3 Na6 12. a3 Nc5 13. b4 Ncxe4 14. Nxe4 Nxe4 15. Nxe5 Nxf2 16. Rxf2 dxe5 17. d6 cxd6 18. Bxa8 Qxa8 19. Kh2 Qe4 20. Qc1 Rc8
21. c5 dxc5 22. bxc5 bxc5 23. Rc2 Qg6 24. Bxc5 Qc6 25. Bxe7 Qxc2+ 26. Qxc2 Rxc2+ 27. Kg1 Bxh3 28. Bd6 f6 29. Bb8 a6 30. Ba7 Rg2+
31. Kh1 Rxg3 32. Kh2 Rc3
0-1

[Event "Agarr's Free for All 6"]
[Site "SchemingMind.com"]
[Date "2012.09.12"]
[Round "-"]
[White "Archon"]
[Black "emvarela"]
[Result "0-1"]
[WhiteCountry "CAN"]
[BlackCountry "ARG"]
[WhiteElo "1587"]
[WhiteRD "60"]
[BlackElo "1757"]
[BlackRD "48"]
[GameID "317610"]

1. Nf3 Nf6 2. g3 g6 3. Bg2 Bg7 4. O-O O-O 5. a3 Nc6 6. d3 b6 7. e4 e5 8. Nc3 d5 9. Bg5 d4 10. Nd5 Qd6
11. Nxf6+ Bxf6 12. Bh6 Bg7 13. Qd2 f5 14. Bxg7 Kxg7 15. exf5 Bxf5 16. Nh4 Rae8 17. Nxf5+ Rxf5 18. Be4 Rf6 19. f3 Ne7 20. Rae1 Nd5
21. Bxd5 Qxd5 22. Kg2 c5 23. Re4 c4 24. Qe2 cxd3 25. Qxd3 Rfe6 26. Rfe1 b5 27. c3 Qb3 28. Qb1 dxc3 29. Rb4 Qd5 30. bxc3 Qd2+
31. Kh1 Qxc3 32. Rb3 Qc6 33. Rxb5 Qxf3+ 34. Kg1 R8e7 35. Rb3 Qf7 36. Qb2 Qf6 37. Rb7 Rxb7 38. Qxb7+ Re7 39. Qe4 Qb6+ 40. Kg2 Qb2+
41. Re2 Qxa3 42. Re3 Qb2+ 43. Re2 Qb5 44. Qc2 Qd5+ 45. Kg1 Qd4+ 46. Kg2 a5 47. Rd2 Qb4 48. Qa2 Qe4+ 49. Kg1 Qe1+ 50. Kg2 Rf7
0-1

[Event "Agarr's Free for All 6"]
[Site "SchemingMind.com"]
[Date "2012.09.11"]
[Round "-"]
[White "Archon"]
[Black "Holty"]
[Result "0-1"]
[WhiteCountry "CAN"]
[BlackCountry "ENG"]
[WhiteElo "1680"]
[WhiteRD "56"]
[BlackElo "1742"]
[BlackRD "59"]
[GameID "317611"]

1. Nf3 Nf6 2. g3 b6 3. Bg2 Bb7 4. c4 c5 5. d3 Nc6 6. Nc3 d6 7. O-O e6 8. Bg5 Be7 9. Qd2 Qd7 10. Rfd1 O-O
11. Rac1 a6 12. a3 Qc7 13. Rb1 Rfe8 14. b4 Nd4 15. Nxd4 cxd4 16. Ne4 Nxe4 17. dxe4 f6
0-1

[Event "Agarr's Free for All 6"]
[Site "SchemingMind.com"]
[Date "2012.09.13"]
[Round "-"]
[White "e_castle3"]
[Black "Archon"]
[Result "1-0"]
[WhiteCountry "PHI"]
[BlackCountry "CAN"]
[WhiteElo "1824"]
[WhiteRD "65"]
[BlackElo "1595"]
[BlackRD "56"]
[GameID "317612"]

1. e4 e6 2. d4 d5 3. exd5 exd5 4. Nf3 c5 5. dxc5 Bxc5 6. Be2 Nf6 7. O-O O-O 8. Bg5 Be6 9. Nbd2 Nc6 10. Nb3 Be7
11. c3 Ne4 12. Bxe7 Qxe7 13. Bd3 Bg4 14. Re1 Qf6 15. Be2 Rae8 16. h3 Bh5 17. Nbd2 Nxd2 18. Qxd2 Re6 19. Qxd5 Ne5 20. Qxb7 Rfe8
21. Kf1 R6e7 22. Qd5 Qc6 23. Qxc6 Nxc6 24. g4 Bg6 25. Bb5 Rxe1+ 26. Rxe1 Rxe1+ 27. Kxe1 Nb8 28. Ne5 Kf8 29. Nxg6+ hxg6 30. Kd2 Ke7
31. Ke3 Nd7 32. Bxd7 Kxd7 33. f4 Kd6 34. Kd4 Kc6 35. c4
1-0

[Event "Agarr's Free for All 6"]
[Site "SchemingMind.com"]
[Date "2012.09.12"]
[Round "-"]
[White "agarr"]
[Black "Archon"]
[Result "1/2-1/2"]
[WhiteCountry "RUS"]
[BlackCountry "CAN"]
[WhiteElo "1746"]
[WhiteRD "70"]
[BlackElo "1641"]
[BlackRD "56"]
[GameID "317613"]

1. e4 e6 2. d4 d5 3. exd5 exd5 4. Nf3 Nc6 5. Bb5 Bg4 6. h3 Bd7 7. O-O Be7 8. Re1 Nf6 9. Bg5 O-O 10. Nc3 Be6
11. Ne5 Nxe5 12. dxe5 Ne8 13. Bxe7 Qxe7 14. Bd3 c6 15. f4 g6 16. Qf3 Ng7 17. g4 f5 18. exf6 Qxf6 19. Rf1 Rae8 20. Rae1 Bf7
21. Kh2 Rxe1 22. Rxe1 Be6 23. Kg3 Bc8 24. Re5 Qxe5 25. fxe5 Rxf3+ 26. Kxf3 Ne6 27. Ne2 Kf7 28. c3 Bd7 29. Nf4 Nxf4 30. Kxf4 Ke6
31. Kg5 Kf7 32. Kh6 Kg8 33. Bf1 Be6 34. g5 Bf5 35. h4 Bg4 36. Bd3 Bf5 37. Bxf5 gxf5 38. e6 f4 39. e7 Kf7 40. e8=Q+ Kxe8
41. Kxh7 f3 42. g6 f2 43. g7 f1=Q 44. g8=Q+ Kd7 45. Qg7+ Kd6 46. Qg6+ Kc5 47. h5 Qe2 48. h6 Qe7+ 49. Qg7 Qe4+ 50. Kg8 Qe6+
51. Kf8=
1/2-1/2

[Event "Agarr's Free for All 6"]
[Site "SchemingMind.com"]
[Date "2012.09.16"]
[Round "-"]
[White "fourluxflakes"]
[Black "Archon"]
[Result "1-0"]
[WhiteCountry "ENG"]
[BlackCountry "CAN"]
[WhiteElo "1929"]
[WhiteRD "110"]
[BlackElo "1641"]
[BlackRD "56"]
[GameID "317614"]

1. Nc3 Nf6 2. e4 e5 3. Bc4 Bc5 4. Nf3 d6 5. O-O O-O 6. h3 a6 7. d3 h6 8. Ne2 Be6 9. Bb3 Nc6 10. c3 Qc8
11. Ng3 Ne7 12. Bc2 Ng6 13. d4 exd4 14. cxd4 Ba7 15. Qd3 Nd7 16. h4 f5 17. exf5 Nf6 18. fxe6
1-0

[Event "Agarr's Free for All 6"]
[Site "SchemingMind.com"]
[Date "2012.09.11"]
[Round "-"]
[White "kpeyn"]
[Black "Archon"]
[Result "1-0"]
[WhiteCountry "ENG"]
[BlackCountry "CAN"]
[WhiteElo "1977"]
[WhiteRD "92"]
[BlackElo "1595"]
[BlackRD "56"]
[GameID "317615"]

1. e4 e6 2. d4 d5 3. Nd2 c5 4. exd5 exd5 5. Ngf3 a6 6. Be2 Nc6 7. O-O Nf6 8. Re1 Be7 9. dxc5 O-O 10. Nb3 Qc7
11. c3 b6 12. cxb6 Qxb6 13. Be3 Qc7 14. Rc1 Bb7 15. c4 dxc4 16. Bxc4 Rac8 17. Nbd4 Ng4 18. Nxc6 Bxc6 19. Bxa6 Ra8 20. Bb5 Nxe3
21. Rxe3 Bxf3 22. Rxc7 Bxd1 23. Rcxe7 Rxa2 24. Re8 Ra8 25. Rxa8 Rxa8 26. Re8+ Rxe8 27. Bxe8 Bb3 28. Kf1 Kf8 29. Bb5 Ke7 30. Ke2 Kd6
31. Kd3 Kc5 32. Kc3 Bd5 33. Bf1 Bc6 34. g3 Bb5 35. Bxb5 Kxb5 36. f4 Kc5 37. b4+ Kb5 38. g4
1-0

[Event "Agarr's Free for All 6"]
[Site "SchemingMind.com"]
[Date "2012.09.12"]
[Round "-"]
[White "esteves101"]
[Black "Archon"]
[Result "1-0"]
[WhiteCountry "PHI"]
[BlackCountry "CAN"]
[WhiteElo "1939"]
[WhiteRD "97"]
[BlackElo "1680"]
[BlackRD "56"]
[GameID "317616"]

1. e4 e6 2. Nf3 d5 3. exd5 exd5 4. Bb5+ c6 5. Be2 Bg4 6. O-O Nf6 7. Re1 Be7 8. d4 O-O 9. Nc3 Nbd7 10. Bf4 Rc8
11. Qd3 Bxf3 12. Bxf3 Nb6 13. Re2 Bd6 14. Bg5 Be7 15. Rae1 Bb4 16. a3 Bd6 17. Bg4 Bxh2+ 18. Kf1 Nbd7 19. g3 h6 20. Bxf6 Nxf6
21. Bxc8 Qxc8 22. Kg2 Bxg3 23. fxg3 Qg4 24. Re7 Nh5 25. Qf3 Qg6 26. Rxb7
1-0

[Event "Agarr's Free for All 6"]
[Site "SchemingMind.com"]
[Date "2012.09.13"]
[Round "-"]
[White "emvarela"]
[Black "Archon"]
[Result "1-0"]
[WhiteCountry "ARG"]
[BlackCountry "CAN"]
[WhiteElo "1731"]
[WhiteRD "50"]
[BlackElo "1595"]
[BlackRD "56"]
[GameID "317617"]

1. e4 e6 2. d4 d5 3. Nc3 Nf6 4. e5 b6 5. exf6 Qxf6 6. Be3 Qd8 7. Nf3 Ba6 8. Bxa6 Nxa6 9. Qd3 Qc8 10. O-O c5
11. dxc5 Nxc5 12. Bxc5
1-0

[Event "Agarr's Free for All 6"]
[Site "SchemingMind.com"]
[Date "2012.09.12"]
[Round "-"]
[White "Holty"]
[Black "Archon"]
[Result "1-0"]
[WhiteCountry "ENG"]
[BlackCountry "CAN"]
[WhiteElo "1732"]
[WhiteRD "58"]
[BlackElo "1641"]
[BlackRD "56"]
[GameID "317618"]

1. d4 e6 2. Nf3 c5 3. c3 d5 4. Nbd2 Nc6 5. e3 Nf6 6. Bd3 Be7 7. O-O O-O 8. Re1 c4 9. Bc2 Bd7 10. e4 b5
11. b3 a5 12. e5 Ne8 13. bxc4 bxc4 14. a4 Rb8 15. g3 f6 16. Nf1 fxe5 17. dxe5 g6 18. Ba3 Bxa3 19. Rxa3 Ng7 20. Ne3 Rb2
21. Ra1 Rxf3 22. Qxf3 Nxe5 23. Qd1 Nd3 24. Bxd3 cxd3 25. Qxd3 Qf6 26. Nd1 Rb8 27. Ne3 Rf8 28. Ng4 Qd8 29. Ne5 Bc8 30. Nc6 Qb6
31. Ne7+ Kh8 32. Nxc8 Rxc8 33. Qb5 Qc7 34. Rec1 Qa7 35. Rab1 Rf8 36. Qb6 Qf7 37. Rf1 Nf5 38. Qxa5 Nd6 39. f4 Nc4 40. Qb4 Qa7+
41. Kh1 Nd2 42. Qxf8#
1-0